झटकून टाक जीवा (नैराश्यावर मात). (Record no. 276989)

MARC details
000 -LEADER
fixed length control field 00777nam a2200181Ia 4500
008 - FIXED-LENGTH DATA ELEMENTS--GENERAL INFORMATION
fixed length control field 090630s9999 xx 000 0 und d
082 ## - DEWEY DECIMAL CLASSIFICATION NUMBER
Item number 25133
100 ## - MAIN ENTRY--PERSONAL NAME
Personal name बर्वे राजेंद्र.
245 ## - TITLE STATEMENT
Title झटकून टाक जीवा (नैराश्यावर मात).
Statement of responsibility, etc बर्वे राजेंद्र.
260 ## - PUBLICATION, DISTRIBUTION, ETC. (IMPRINT)
Name of publisher, distributor, etc मनोविकास - पुणे.
Date of publication, distribution, etc 2005
300 ## - PHYSICAL DESCRIPTION
Extent 132
600 ## - SUBJECT ADDED ENTRY--PERSONAL NAME
Personal name बर्वे राजेंद्र.
630 ## - SUBJECT ADDED ENTRY--UNIFORM TITLE
Uniform title झटकून टाक जीवा (नैराश्यावर मात).
655 ## - INDEX TERM--GENRE/FORM
Genre/form data or focus term इतर.
700 ## - ADDED ENTRY--PERSONAL NAME
Personal name बर्वे राजेंद्र.
730 ## - ADDED ENTRY--UNIFORM TITLE
Uniform title झटकून टाक जीवा (नैराश्यावर मात).
942 ## - ADDED ENTRY ELEMENTS (KOHA)
Koha item type Book
Holdings
Withdrawn status Lost status Damaged status Not for loan Home library Current library Date acquired Cost, normal purchase price Total Checkouts Full call number Barcode Date last seen Cost, replacement price Price effective from Koha item type
        Sarvajanik Wachanalaya Shrivardhan Sarvajanik Wachanalaya Shrivardhan   80.00   25133 SAWASHRI-25133 06/30/2009 80.00 06/30/2009 Book